000 01255cam a22003617a 4500
003 CHAP
005 20220817043944.0
008 040824d2002 mx r 00110 spa d
010 _a88709
011 _a89681
020 _a970-722-176-3
020 _a9706549226
035 _a100232
040 _cCHAP
082 0 4 _a361.25
_bM3
100 0 0 _aMartinelli, José María
_ecoord.
_971657
245 1 0 _aPolíticas públicas en el nuevo sexenio
_c/coord. por José María Martinelli
260 _aMéxico, D.F. :
_bUniversidad Autónoma Metropolitana. Unidad Iztapalapa,
_c2002.
300 _a399 p.
590 _aBATCH-UPD
_b10
_c20130110
_lUCH01
_h0633
590 _aBATCH-UPD
_b10
_c20130410
_lUCH01
_h0316
590 _aBATCH-UPD
_b10
_c20130914
_lUCH01
_h0301
590 _aCONVERSION
_b10
_c20130109
_lUCH01
_h1349
650 1 4 _aAdministración pública
_zMéxico.
_9944
650 1 4 _aFinanzas públicas
_zMéxico.
_940975
650 1 4 _aPolítica económica
_zMéxico.
_990535
650 1 4 _aPolítica social
_zMéxico.
901 _aBK
905 _aAlejandra Carrasco M.
942 _cLIBRO
949 _a361.25 M3
_bBC
_cLIBRO
_d33724000797965
_eLIBRO
_h104597
_i100232
_si
949 _a361.25 M3
_bBC
_cLIBRO
_d33724000976502
_eLIBRO
_fc.2
_h106510
_i100232
_sb
999 _c88709
_d88709